Countries with worst national education systems - Statistics

General Stats
  • This quiz has been taken 57 times
  • The average score is 5 of 10
Answer Stats
Hint Answer % Correct
0.528 EDI Niger
80%
0.612 EDI Mali
68%
0.622 EDI Ethiopia
56%
0.594 EDI Burkina Faso
54%
0.623 EDI Eritrea
54%
0.634 EDI Guinea
52%
0.685 EDI Angola
50%
0.656 EDI Pakistan
46%
0.677 EDI The Gambia
28%
0.617 EDI Central African Republic (CAR)
2%
No matching quizzes found
Score Distribution
Percent of People with Each Score
Percentile by Number Answered
Your Score History
You have not taken this quiz